El delito de autocapacitación terrorista (art. 575.2 CP) (Registro nro. 171555)
[ vista simple ]
| 000 -LEADER | |
|---|---|
| fixed length control field | 02519nam a22002657a 4500 |
| 007 - PHYSICAL DESCRIPTION FIXED FIELD--GENERAL INFORMATION | |
| fixed length control field | cr|||| |||| |
| 008 - FIXED-LENGTH DATA ELEMENTS--GENERAL INFORMATION | |
| fixed length control field | 220511s2021 ea |||||s|||| 00||0 spa d |
| 020 ## - INTERNATIONAL STANDARD BOOK NUMBER | |
| International Standard Book Number | 978-84-123503-9-5 |
| 035 ## - | |
| -- | 35639 |
| 040 ## - CATALOGING SOURCE | |
| Original cataloging agency | vLex |
| 090 ## - | |
| -- | 13319 |
| -- | 13319 |
| 100 1# - MAIN ENTRY--PERSONAL NAME | |
| Personal name | González Vaz, Carmen |
| 245 12 - TITLE STATEMENT | |
| Title | El delito de autocapacitación terrorista (art. 575.2 CP) |
| Medium | [Recurso electrónico] / |
| Statement of responsibility, etc | Carmen González Vaz |
| 256 ## - | |
| -- | Servicio en línea |
| 260 ## - PUBLICATION, DISTRIBUTION, ETC. (IMPRINT) | |
| Place of publication, distribution, etc | Barcelona: |
| Name of publisher, distributor, etc | J.M. Bosch Editor, |
| Date of publication, distribution, etc | 2021 |
| 300 ## - PHYSICAL DESCRIPTION | |
| Extent | 1 recurso electrónico |
| 500 ## - GENERAL NOTE | |
| General note | El nuevo terrorismo de DAESH ha traído consigo un nuevo modus operandi, el cual ha obligado a la comunidad internacional en general y a los Estados en particular, a adaptar sus ordenamientos jurídicos para combatirlo. Uno de estos cambios se ha visto inspirado en la prevención de los llamados «lobos solitarios» o «terroristas autónomos», enfocado principalmente en el proceso de radicalización. Es así como, en 2015, la LO 2/2015 de 23 de noviembre introduce en el Código Penal español el polémico tipo delictivo conocido como «delito de autoadoctrinamiento terrorista» en su artículo 575.2 CP. La doctrina científica ha denunciado la peligrosidad que supone este delito para el Derecho Penal de garantías, llegando a afirmar que se trata una manifestación del Derecho Penal de Autor, identificándose con un Derecho Penal simbólico y destacando por su adelantamiento injustificado de las barreras de punibilidad y; por ende, afirmándose como un Derecho Penal del Enemigo. Esta obra trata de analizar el tipo objetivo y subjetivo del delito de «autoadoctrinamiento» terrorista, dando respuesta a su compatibilidad con el Estado de Derecho, sus principios político-criminales, los Derechos Fundamentales y las Libertades Públicas. A partir de este estudio, se pondrán de manifiesto los principales problemas que acarrea dicho tipo delictivo y las consecuencias que supone la doctrina judicial y científica que se ha adoptado. |
| 506 1# - RESTRICTIONS ON ACCESS NOTE | |
| Terms governing access | Disponible solo en los productos indicados |
| Authorized users | vLex Global |
| -- | vLex Global (Academic Edition, excluding Law Schools) |
| -- | vLex Global (U.S. Academic Edition, Law Schools) |
| -- | vLex Global (U.S. Academic Edition, excluding Law Schools) |
| -- | vLex Global (Academic Edition, Law Schools) |
| 650 04 - SUBJECT ADDED ENTRY--TOPICAL TERM | |
| Topical term or geographic name as entry element | Derecho Penal |
| Geographic subdivision | España |
| 650 04 - SUBJECT ADDED ENTRY--TOPICAL TERM | |
| Topical term or geographic name as entry element | Derecho Internacional |
| Geographic subdivision | España |
| 740 0# - | |
| -- | vLex Libros (Servicio en línea) |
| 856 40 - LOCALIZACIÓN Y ACCESO ELECTRÓNICO | |
| Identificador Uniforme del Recurso (URI/URL) | https://app.vlex.com/#/sources/35639 |
| 942 ## - | |
| -- | RAA |
| 999 ## - | |
| -- | 171555 |
| -- | 171555 |
No hay ítems disponibles.